The anthropology of reading
Αποθηκεύτηκε σε:
| Κύριος συγγραφέας: | |
|---|---|
| Μορφή: | Βιβλίο |
| Γλώσσα: | English |
| Δημοσίευση: |
Bloomington; Indianapolis :
Indiana University Press,
1995
|
| Θέματα: | |
| Ετικέτες: |
Προσθήκη ετικέτας
Δεν υπάρχουν, Καταχωρήστε ετικέτα πρώτοι!
|
MARC
| LEADER | 00000nam a2200000 i 4500 | ||
|---|---|---|---|
| 001 | 1/12116 | ||
| 008 | 980224s1995 eng d | ||
| 020 | |a 0-253-33509-4 | ||
| 035 | |1 ΠΑΡ |a 1997 |l 10018507 | ||
| 040 | |a GR-MY-UA |b gre |e aacr | ||
| 041 | 0 | |a eng | |
| 082 | 0 | |a 801.95 | |
| 100 | 1 | |a Livingston, Eric. | |
| 245 | 1 | 4 | |a The anthropology of reading / |c Eric Livingston |
| 260 | |a Bloomington; Indianapolis : |b Indiana University Press, |c 1995 | ||
| 300 | |a 161 p. | ||
| 504 | |a Includes index | ||
| 650 | 0 | 0 | |a English poetry |y 20th century |x History and criticism |x Theory, etc. |
| 650 | 0 | 0 | |a American poetry |x History and criticism |x Theory,etc. |
| 650 | 0 | 0 | |a Literature and anthropology. |
| 650 | 0 | 0 | |a Criticism |x Authorship. |
| 650 | 0 | 0 | |a Poetry |x Translating. |
| 650 | 0 | 0 | |a Books and reading. |
| 852 | |a INST |b LESVOS |e 19980224 |h 801.95 LIV |p 005100015002 |q 005100015002 |t BK |y 0 | ||
| 909 | |a Λ |b 053927 | ||
| 950 | |a 086-1996-07-16 | ||